Documento firmado por Don Agustín de Iturbide (Record no. 4534)

MARC details
000 -CABECERA
campo de control de longitud fija 01275nam a2200289 a 4500
001 - NÚMERO DE CONTROL
campo de control BRCA_4840
005 - FECHA Y HORA DE LA ÚLTIMA TRANSACCIÓN
campo de control 20190320204827.0
008 - DATOS DE LONGITUD FIJA--INFORMACIÓN GENERAL
campo de control de longitud fija 201010s1813----mx-######l---#000-0#spa-#
041 ## - CÓDIGO DE LENGUA
Código de lengua del texto/banda sonora o título independiente spa
044 ## - CÓDIGO DEL PAÍS DE LA ENTIDAD EDITORA/PRODUCTORA
Código MARC del país mx
084 ## - OTRO NÚMERO DE CLASIFICACIÓN
Número de clasificación DOC2
Número de documento/Ítem .I88
-- 1813
100 1# - ENTRADA PRINCIPAL--NOMBRE DE PERSONA
Nombre de persona Iturbide, Agustín de
Fechas asociadas al nombre 1783-1824
9 (RLIN) 12252
245 10 - MENCIÓN DE TÍTULO
Título Documento firmado por Don Agustín de Iturbide
Mención de responsabilidad, etc. Agustín de Iturbide ; Pérez Gálvez.
260 ## - PUBLICACIÓN, DISTRIBUCIÓN, ETC.
Lugar de publicación, distribución, etc. León, Gto., México
Fecha de publicación, distribución, etc. 1813
300 ## - DESCRIPCIÓN FÍSICA
Extensión [2] fojas
Dimensiones 21 x 5 cm.
500 ## - NOTA GENERAL
Nota general Documento firmado el 18 de julio de 1813.
500 ## - NOTA GENERAL
Nota general Contestación firmada por Don Agustín de Iturbide en León (Guanajuato), dirigida al Coronel Conde de Pérez Gálvez, aceptando el nombramiento de Don Remigio Villalas como Teniente del Cuerpo de Artilleros de dicha Villa.
500 ## - NOTA GENERAL
Nota general El documento contiene la leyenda DOC. #11.
506 0# - NOTA DE RESTRICCIONES AL ACCESO
Limitaciones de acceso Fondo Reservado. Para su consulta es necesario credencial de usuario y carta de motivos.
546 ## - NOTA DE LENGUA/LENGUAJE
Nota de lengua/lenguaje Texto en: español de principios del siglo XIX.
600 14 - PUNTO DE ACCESO ADICIONAL DE MATERIA--NOMBRE DE PERSONA
Nombre de persona Iturbide, Agustín de
Fechas asociadas al nombre 1783-1824
Subdivisión general Historia
9 (RLIN) 12253
651 #4 - PUNTO DE ACCESO ADICIONAL DE MATERIA--NOMBRE GEOGRÁFICO
Nombre geográfico México
Subdivisión de forma Guerra de Independencia, 1810-1821
Subdivisión general Manuscritos
9 (RLIN) 12254
700 1# - PUNTO DE ACCESO ADICIONAL--NOMBRE DE PERSONA
Nombre de persona Gálvez, Pérez
Títulos y otros términos asociados al nombre Conde de
9 (RLIN) 12255
700 1# - PUNTO DE ACCESO ADICIONAL--NOMBRE DE PERSONA
Nombre de persona VIllalas, Remigio
9 (RLIN) 12256
902 ## - CATALOGADOR
Iniciales FDH
942 ## - ELEMENTOS DE PUNTO DE ACCESO ADICIONAL (KOHA)
Fuente del sistema de clasificación o colocación Library of Congress Classification
Tipo de ítem Koha Documentos
Holdings
Estado de retiro Estado de pérdida Estado dañado No para préstamo Localización permanente Ubicación/localización actual Fecha de adquisición Total de préstamos Signatura topográfica completa Código de barras Fecha visto por última vez Precio válido a partir de Tipo de ítem Koha
El ejemplar forma parte de la colección y puede ser consultado según las políticas vigentes.       Biblioteca del Museo Franz Mayer (Rogerio Casas-Alatriste) Biblioteca del Museo Franz Mayer (Rogerio Casas-Alatriste) 13/10/2010   DOC2 .I88 1813 4873 22/03/2019 22/03/2019 Documentos